000 00801cab a2200229 4500
001 WB3028-03
008 090401t1994 xxu||||| |||| 00| 0 eng d
035 _a(Sirsi) u10318
041 _aeng
245 _aSkill shortages push construction pay above 1980s levels
260 _c1994
350 _a0
490 _aFinancial Times
_v22 July 1994, 9(1)
520 _aMontrose Construction Services , one of the leading construction and property recruitment agencies, reports that a shortage of skilled personnel is pushing the salaries of site managers, engineers and surveyors above the 1980s boom peak.
650 _aCONSTRUCTION INDUSTRY
650 _aRECRUITMENT
650 _aSALARIES
650 _aSKILLED PERSONNEL
690 _aBUILT ENVIRONMENT
942 _n0
948 _c04/03/1997
999 _c6492
_d6492